Molecular systematics of plants II DNA sequencing
Enregistré dans:
| Auteur principal: | |
|---|---|
| Format: | Livre |
| Langue: | Undetermined |
| Publié: |
Boston
Kluwer Academic
1998
|
| Sujets: | |
| Tags: |
Ajouter un tag
Pas de tags, Soyez le premier à ajouter un tag!
|
| Thư viện lưu trữ: | Trung tâm Học liệu Trường Đại học Cần Thơ |
|---|
| LEADER | 00601nam a2200181Ia 4500 | ||
|---|---|---|---|
| 001 | CTU_48972 | ||
| 008 | 210402s9999 xx 000 0 und d | ||
| 082 | |a 572.86332 | ||
| 082 | |b M718 | ||
| 100 | |a Molecular systematics of plants II | ||
| 245 | 0 | |a Molecular systematics of plants II | |
| 245 | 0 | |b DNA sequencing | |
| 245 | 0 | |c Molecular systematics of plants II, DOUGLAS E SOLTIS ...[et al.] | |
| 260 | |a Boston | ||
| 260 | |b Kluwer Academic | ||
| 260 | |c 1998 | ||
| 650 | |a botany - classification - molecular aspects,nucleotide sequence | ||
| 980 | |a Trung tâm Học liệu Trường Đại học Cần Thơ | ||